000 01129cam a22003134a 4500
001 3180
005 20240215155010.0
020 _a9780439598712
040 _aDLC
_cDLC
_dDLC
_beng
050 0 0 _aTL540.C546
_b 2002
082 0 0 _a629.13092
100 1 _aGrimes, Nikki
245 1 0 _aTalkin' about Bessie :
_bthe story of aviator Elizabeth Coleman /
_cby Grmes, Nikki ; illustrated by Lewis, E.B.
250 _aFirst Scholastic paperback printing , September 2003
260 _aNew York :
_bScholastic,
_c2002
300 _a45 unnumbered pages :
_bcolor illustrations ;
_c32 cm.
505 _aZ
520 _aA biography of the woman who became the first licensed Afro-American pilot.
521 _a1030
_bLexile
521 _aZ
_bRaz-Plus
650 0 _aAfrican American women air pilots
_vAnecdotes
_vJuvenile literature.
650 0 _aAir pilots
_zUnited States
_vAnecdotes
_vJuvenile literature.
650 1 _aAir pilots.
650 1 _aAfrican Americans
_vBiography.
650 1 _aWomen
_vBiography.
700 1 _aLewis, Earl B
906 _a7
_bcbc
_corignew
_d1
_eocip
_f19
_gy-gencatlg
942 _2ddc
_cBK
_n0
999 _c3180
_d3180